Datum a čas kvízu
25.5
Celkem bodů
Celkový počet nahraných bodů na tomto kvízu bez doplňovacích otázek.
5.
Pořadí na kvízu
Konečné umístění týmu na tomto kvízu.
Zaznamenané odpovědi
| # | Otázka | Odpověď | Body | Výsledky |
|---|---|---|---|---|
| 1. | Jeden z vysokých ústavních čin... | Radek Vondráček | 1 | |
| 2. | Na platformě Netflix trhá reko... | Hra na oliheň (Squid Game) | 1 | |
| 3. | Svůj poslední koncert po šedes... | Spirituál kvintet | 1 | |
| 4. | Po 75 letech existence minulý... | Alitalia | 1 | |
| 5. | Jak se jmenuje desetiletý ryzá... | Talent | 0 | |
| 6. | Pokřín obecný je rostlina, kte... | mandragora | 1 | |
| 7. | Blahočet je jehličnatý strom j... | araukárie | 0 | |
| 8. | Vigna zlatá je rostlina z čele... | mungo | 1 | |
| 9. | Ledvinovník západní je tropick... | oříšky kešu | 1 | |
| 10. | Kterým slovem na S obecně ozna... | sukulenty | 0 |